Sports Quiz

Random Sports or NFL Quiz
Score 0/154 Timer 10:00
0 Plays Today
Team Coach % Correct
ChicagoLovie Smith
95.4%
BaltimoreJohn Harbaugh
94.9%
San FranciscoJim Harbaugh
94.9%
AtlantaMike Smith
94.6%
Kansas CityAndy Reid
91.4%
PhiladelphiaAndy Reid
91.4%
JacksonvilleTom Coughlin
90.7%
NY GiantsTom Coughlin
90.7%
NY JetsRex Ryan
90.5%
CarolinaJohn Fox
90.2%
DenverJohn Fox
90.2%
PhiladelphiaBuddy Ryan
89.7%
New EnglandBill Belichick
89.2%
DenverMike Shanahan
88.5%
WashingtonMike Shanahan
88.5%
DallasBill Parcells
87.5%
New EnglandBill Parcells
87.5%
NY GiantsBill Parcells
87.5%
NY JetsBill Parcells
87.5%
IndianapolisTony Dungy
87.3%
Tampa BayTony Dungy
87.3%
New OrleansSean Payton
86.8%
New OrleansSean Payton
86.8%
New EnglandPete Carroll
86.6%
PittsburghMike Tomlin
86.6%
SeattlePete Carroll
86.6%
CincinnatiMarvin Lewis
85.6%
PittsburghBill Cowher
85.6%
Green BayMike Holmgren
85.3%
SeattleMike Holmgren
85.3%
Green BayMike McCarthy
84.8%
St. LouisJeff Fisher
84.8%
Tennessee/HoustonJeff Fisher
84.8%
DallasJason Garrett
84.1%
BaltimoreBrian Billick
83.9%
JacksonvilleJack Del Rio
82.9%
AtlantaWade Phillips
82.4%
DallasWade Phillips
82.4%
DenverWade Phillips
82.4%
HoustonGary Kubiak
81.9%
San DiegoNorv Turner
81.7%
ArizonaDennis Green
80.4%
MinnesotaDennis Green
80.4%
CarolinaRon Rivera
79%
Tampa BayJon Gruden
76.5%
ArizonaKen Whisenhunt
76.3%
PhiladelphiaChip Kelly
74.3%
San DiegoMarty Schottenheimer
74.3%
WashingtonMarty Schottenheimer
74.3%
IndianapolisChuck Pagano
72.1%
PittsburghChuck Noll
72.1%
DetroitJim Schwartz
71.4%
Team Coach % Correct
AtlantaJim Mora
70.7%
IndianapolisJim Mora
70.7%
SeattleJim Mora
70.7%
ArizonaBruce Arians
70.4%
ChicagoMike Ditka
67.7%
ClevelandRomeo Crennel
66.7%
Kansas CityRomeo Crennel
66.7%
MinnesotaLeslie Frazier
66%
San FranciscoMike Singletary
66%
IndianapolisJim Caldwell
65%
Kansas CityHerman Edwards
64.8%
Kansas CityDick Vermeil
64.8%
NY JetsHerman Edwards
64.8%
ChicagoMarc Trestman
64.1%
BuffaloChan Gailey
63.6%
DallasChan Gailey
63.6%
DenverJosh McDaniels
63.6%
Tampa BayGreg Schiano
63.1%
CarolinaDom Capers
60.1%
HoustonDom Capers
60.1%
NY GiantsJim Fassel
59.9%
NY GiantsDan Reeves
59.4%
OaklandHue Jackson
58.7%
ClevelandEric Mangini
57.9%
NY JetsEric Mangini
57.9%
WashingtonJoe Gibbs
57.9%
BuffaloDick Jauron
57%
ChicagoDick Jauron
57%
DetroitDick Jauron
57%
MinnesotaMike Tice
56.2%
MiamiTony Sparano
55.7%
MinnesotaBrad Childress
55.7%
OaklandLane Kiffin
55.7%
Tennessee/HoustonMike Munchak
55.7%
Green BayMike Sherman
55.5%
AtlantaBobby Petrino
53.3%
BuffaloDoug Marrone
50.6%
DetroitSteve Mariucci
50.1%
OaklandDennis Allen
49.4%
Green BayRay Rhodes
49.1%
PhiladelphiaRay Rhodes
49.1%
WashingtonSteve Spurrier
48.9%
Tampa BayRaheem Morris
48.4%
MiamiJoe Philbin
47.9%
New OrleansJim Haslett
47.9%
San DiegoJune Jones
47.9%
St. LouisJim Haslett
47.9%
CincinnatiDavid Shula
47.4%
CarolinaGeorge Seifert
47.2%
CincinnatiSam Wyche
47.2%
Tampa BaySam Wyche
47.2%
OaklandTom Cable
46.9%
Team Coach % Correct
OaklandArt Shell
46.9%
JacksonvilleGus Bradley
46.7%
Kansas CityTodd Haley
46.7%
WashingtonJim Zorn
46.5%
MiamiNick Saban
45.5%
San DiegoMike McCoy
45%
ClevelandRob Chudzinski
44.7%
MiamiCam Cameron
44.3%
San FranciscoMike Nolan
44.3%
DetroitRod Marinelli
43.5%
ChicagoDave Wannstedt
42.8%
St. LouisSteve Spagnuolo
42.8%
DallasDave Campo
41.1%
BuffaloMike Mularkey
39.1%
JacksonvilleMike Mularkey
39.1%
New OrleansJoe Vitt
38.4%
St. LouisJoe Vitt
38.4%
BaltimoreTed Marchibroda
35%
PhiladelphiaRich Kotite
35%
CincinnatiDick Lebeau
34.5%
San FranciscoDennis Erickson
33.7%
SeattleDennis Erickson
33.7%
ClevelandPat Shurmur
32.8%
CincinnatiBruce Coslet
30.6%
Tennessee/HoustonJerry Glanville
30.3%
St. LouisScott Linehan
28.9%
Green BayLindy Infante
28.1%
IndianapolisLindy Infante
28.1%
NY JetsAl Groh
26.4%
Tennessee/HoustonJack Pardee
23.5%
DetroitMarty Mornhinweg
23.2%
BuffaloPerry Fewell
22.2%
AtlantaEmmitt Thomas
21%
NY GiantsRay Handley
21%
ArizonaDave McGinnis
19.6%
San DiegoMike Riley
19.1%
SeattleTom Flores
19.1%
ArizonaVince Tobin
18.6%
New EnglandRod Rust
18.1%
New EnglandDick MacPherson
16.9%
ClevelandTerry Robiskie
15.6%
MinnesotaJerry Burns
15.2%
New OrleansAaron Kromer
14.4%
MiamiTodd Bowles
12.7%
Tennessee/HoustonHugh Campbell
12.7%
San FranciscoJim Tomsula
9%
JacksonvilleMel Tucker
8.8%
DenverEric Studesville
7.8%
PittsburghBill Austin
7.1%
PittsburghMike Nixon
6.4%

You're not logged in!

Compare scores with friends on all Sporcle quizzes.
OR
Log In

Sporcle TV

Today on Sporcle TV


Watch our educational content, quiz creation guides, and fun videos on Sporcle TV.

Show Comments

Extras

Created Oct 11, 2013SourceReportNominate
Tags:NFL Quiz, coach, five, last, record, team

Top Quizzes Today


Score Distribution

Paid Content

Your Account Isn't Verified!

In order to create a playlist on Sporcle, you need to verify the email address you used during registration. Go to your Sporcle Settings to finish the process.

Report this User

Report this user for behavior that violates our Community Guidelines.

Details: